| 000 | 01592nam1a22002771 4500 | ||
|---|---|---|---|
| 001 | rc\682496 | ||
| 005 | 20260623072749.0 | ||
| 035 | _a(NLR Aleph) 008747381 | ||
| 090 |
_a13736845 _c13736845 |
||
| 100 | _a20031121g19859999u |0rusy50 ca | ||
| 101 | 0 | _arus | |
| 102 | _aLV | ||
| 105 | _ay ||||||||| | ||
| 200 | 1 |
_aАппараты и методы внешней фиксации в травматологии и ортопедии _dExternal fixation apparatus and methods in traumatology and orthopaedics _eМатериалы II Междунар. семинара по усоверш. аппаратов и методов внеш. фиксации _eВ 3-х т. _f[Редкол.: В.К. Калнберз (отв. ред.) и др.] |
|
| 210 |
_aРига _cБ. и. _d1985- |
||
| 215 | _d20 | ||
| 300 | _aВ надзаг.: М-во здравоохранения СССР, М-во здравоохранения ЛатвССР, Науч. совет по пробл. биомеханики АН СССР, Латв. НИИ травматологии и ортопедии | ||
| 510 | 0 | _aExternal fixation apparatus and methods in traumatology and orthopaedics | |
| 702 | 1 |
_aКалнберз _bВ. К. _gВиктор Константинович _4340 |
|
| 712 | 1 | 2 |
_aМеждународный семинар по усовершенствованию аппаратов и методов внешней фиксации _d2 _f1985 _eРига |
| 801 | 0 |
_aRU _bNLR _gpsbo |
|
| 801 | 1 |
_aRU _bELAR _2rusmarc |
|
| 801 | 2 |
_aRU _bNLR _c20040512 _2rusmarc |
|
| 852 |
_aNLR _j85-3/8101 |
||
| 942 | _cBOOK | ||
| 980 | _aNB | ||